| Tag |
First Indicator |
Second Indicator |
Subfields |
| LEADER |
00000cam a2200000 4500 |
| 001 |
in00000274921 |
| 005 |
20151010061357.0 |
| 008 |
710722s1970 wauab b s00010 eng |
| 010 |
|
|
|a 70635682
|
| 035 |
|
|
|a (OCoLC)00152577
|
| 035 |
|
|
|9 ABD5242AM
|
| 037 |
|
|
|c $3.00
|
| 040 |
|
|
|a DLC
|c DLC
|d TXA
|d UtOrBLW
|
| 043 |
|
|
|a n-us-wa
|
| 049 |
|
|
|a TXAM
|
| 050 |
0 |
0 |
|a QE175
|b .A3 no. 62
|
| 082 |
0 |
|
|a 563/.1
|
| 100 |
1 |
|
|a Rau, Weldon W.
|
| 245 |
1 |
0 |
|a Foraminifera, stratigraphy, and paleoecology of the Quinault Formation, Point Grenville-Raft River coastal area, Washington /
|c by Weldon W. Rau.
|
| 264 |
|
1 |
|a Olympia :
|b State of Washington, Division of Mines and Geology,
|c 1970.
|
| 300 |
|
|
|a vi, 40 pages :
|b illustrations, maps. ;
|c 29 cm.
|
| 336 |
|
|
|a text
|b txt
|2 rdacontent
|
| 337 |
|
|
|a unmediated
|b n
|2 rdamedia
|
| 338 |
|
|
|a volume
|b nc
|2 rdacarrier
|
| 490 |
1 |
|
|a Washington (State) Division of Mines and Geology. Bulletin ;
|v no. 62
|
| 504 |
|
|
|a Bibliography: pages 32-34.
|
| 650 |
|
0 |
|a Foraminifera, Fossil
|z Washington (State)
|
| 650 |
|
0 |
|a Geology, Stratigraphic
|y Cenozoic.
|
| 650 |
|
0 |
|a Paleoecology
|z Washington (State)
|
| 650 |
|
0 |
|a Geology
|z Washington (State)
|
| 710 |
1 |
|
|a Washington (State).
|b Division of Mines and Geology.
|
| 830 |
|
0 |
|a Bulletin (Washington (State). Division of Geology and Earth Resources) ;
|v no. 62.
|
| 999 |
|
|
|a MARS
|
| 999 |
f |
f |
|s 86fa0ade-4d6d-37b5-b489-787766ea92c4
|i 01c41440-01ea-3b80-816d-d2b6cd575517
|t 0
|
| 952 |
f |
f |
|p ric
|a Texas A&M University
|b Rellis Campus
|c Joint Library Facility
|d Remote Storage
|t 0
|e QE175 .A3 no. 62
|h Library of Congress classification
|i unmediated -- volume
|m A14804777656
|
| 998 |
f |
f |
|a QE175 .A3 no. 62
|t 0
|l Remote Storage
|